| 000 | 00355nam a22001577a 4500 | ||
|---|---|---|---|
| 003 | SGT | ||
| 020 | _a978-93-82428-05-3 | ||
| 082 |
_a612.015 _bM16S |
||
| 100 | _aSINGHLA, SHWETA | ||
| 245 | _aMEDICAL BIOCHEMISTRY FOR NURSES | ||
| 250 | _a1ST | ||
| 260 |
_aINDIA _bKUMAR PUB HOUSE _c2016 |
||
| 300 | _a277 | ||
| 650 | _aBIOCHEMISTRY | ||
| 942 |
_2ddc _cBK |
||
| 999 |
_c20129 _d20129 |
||